Atomová fyzika 2 : Elektronový obal atomu a atomové jádra /
Gespeichert in:
| 1. Verfasser: | |
|---|---|
| Weitere Verfasser: | , , , |
| Format: | Buch |
| Sprache: | Tschechisch |
| Veröffentlicht: |
Praha :
SNTL,
1958
|
| Ausgabe: | 2.vyd. |
| Schlagworte: | |
| Tags: |
Keine Tags, Fügen Sie das erste Tag hinzu!
|
MARC
| LEADER | 00000nam a22000003a 4500 | ||
|---|---|---|---|
| 001 | stu42960 | ||
| 005 | 20150617225720.9 | ||
| 008 | 940607s1958----cs------------------cze-d | ||
| 040 | |a STU |b slo | ||
| 041 | 0 | |a cze | |
| 044 | |a cs | ||
| 080 | |a 539.1 | ||
| 100 | 1 | |a Pačes, J |4 trl | |
| 245 | 1 | |a Atomová fyzika 2 : |b Elektronový obal atomu a atomové jádra / |c [aut.]E.V. Školskij; Z rus. Č. Muzikář, J. Pačes, J. Pernegr, J. Tuček | |
| 250 | |a 2.vyd. | ||
| 260 | |a Praha : |b SNTL, |c 1958 | ||
| 300 | |a 603 s | ||
| 650 | 7 | |a Fyzika atómová |2 stusub | |
| 700 | 1 | |a Pernegr, J |4 trl | |
| 700 | 1 | |a Tuček, J |4 trl | |
| 700 | 1 | |a Školskij, E.V |4 aut | |
| 700 | 1 | |a Muzikář, Čestmíř |4 trl | |
| 996 | |b 284M022122 |c M*7330/2-1 |l MMKN |s A |a 24 |w stu42960_0001 | ||